000 00285nam a22001217a 4500
008 170609b xxu||||| |||| 00| 0 eng d
041 _aeng
080 _25 ED
_a328
100 _a19
101 _aSHP
245 _aAMERICAN POLITICS AND POLITICAL CULTURE
_cLYANS.W
942 _2udc
_cBK
999 _c16603
_d16603